000 05236cgm a2201057Ia 4500
003 OCoLC
005 20241220120822.0
007 vd cvaizq
008 070314s2007 cau125 g vleng d
001 ocm85856292
020 _a1419818198
020 _a9781419818196
024 1 0 _a012569585577
024 1 _a085391137580
028 4 1 _a58557
_bWarner Home Video
035 _a(Sirsi) i9781419818196
035 _a(OCoLC)85856292
037 _bMidwest Tape
_nhttp://www.midwesttapes.com
040 _aTEFMT
_cTEFMT
_dTEF
_dFBR
_dJAI
_dMNL
_dJED
_dUINTA
041 1 _aeng
_beng
_bfre
_bspa
_heng
043 _ae-uk-en
_aa-cc-sm
_aa-cc---
049 _aUCLB
050 1 4 _aPN1995.9.M45
_bP356843 2007
082 0 4 _a791.43/72
_222
092 _a791.437
130 0 _aPainted veil (Motion picture)
_973964
245 1 4 _aThe painted veil
_h[videorecording] /
_cWarner Independent Pictures and Bob Yari Production ; Yari Film Groups releasing ; the Mark Gorden Company presents ; a Collector Company Class 5 Films ; Dragon Studios Production ; a Warner China Film HG Corporation Co-Production ; produced by Sara Colleton ... [et al.] ; screenplay by Ron Nyswaner ; directed by John Curran.
260 _aBurbank, CA :
_bWarner Home Video,
_cc2007.
300 _a1 videodisc (125 min.) :
_bsd., col. ;
_c4 3/4 in.
538 _aDVD; region 1; widescreen (2.40:1) presentation; dual-layer.
546 _aClosed-captioned; dialogue in English (Dolby Digital 5.1 surround) with optional subtitles in English, French or Spanish.
511 1 _aNaomi Watts, Edward Norton, Liev Schreiber, Toby Jones, Diana Rigg, Juliet Howland, Anthony Wong Chau-Sang, Maggie Steed, Lorraine Laurence, Johnny Lee, Li Feng.
508 _aDirector of photography, Stuart Dryburgh ; art director, Peta Lawson ; editor, Alexandre de Franceschi ; music, Alexandre Desplat ; costume designer, Ruth Myers ; visual effects supervisor, Paul Butterworth ; piano soloist, Lang Lang.
500 _aBased on the novel by W. Somerset Maugham.
521 8 _aMPAA rating: PG-13; for mature sexual situations, partial nudity, disturbing images and brief drug content.
520 _aSet in the 1920s. A young English couple, Walter a middle class doctor and Kitty, an upper-class woman, get married for all the wrong reasons and relocate to Shanghai. Kitty falls in love with someone else. When Walter discovers her infidelity, in an act of vengeance, he accepts a job in a remote village in China that is being ravaged by a deadly epidemic. He takes his wife along and their journey brings meaning to their relationship and gives them purpose in one of the most remote and beautiful places on earth.
586 8 _aGolden Globes (USA), 2007: Best Original Score - Motion Picture (Alexandre Desplat)
650 0 _aMedical drama.
_999452
650 0 _aPhysicians
_zEngland.
_96507592
650 0 _aMarried people
_zChina
_zShanghai
_vDrama.
_96507593
650 0 _aAdultery
_zChina
_zShanghai
_vDrama.
_96507594
650 0 _aCities and towns
_zChina
_vDrama.
_96507595
650 0 _aEpidemics
_zChina
_vDrama.
_96507596
651 0 _aShanghai (China)
_vDrama.
_96499104
651 0 _aChina
_vDrama.
_95755120
650 7 _aMédicos
_zInglaterra
_vTeatro.
_2bidex
_96507597
650 7 _aAdulterio
_zChina
_zShanghai
_vTeatro.
_2bidex
_96507598
650 4 _aPhysicians
_zEngland
_vDrama.
_96507599
650 4 _aMarried people
_zChina
_zShanghai
_vDrama.
_96507593
650 4 _aAdultery
_zChina
_zShanghai
_vDrama.
_96507594
650 4 _aCities and towns
_zChina
_vDrama.
_96507595
650 4 _aEpidemics
_zChina
_vDrama.
_96507596
651 4 _aShanghai (China)
_vDrama.
_96499104
651 4 _aChina
_vDrama.
_95755120
655 0 _aFeature films.
_96174841
655 0 _aMelodrama.
_96174842
655 7 _aMan-woman relationships in motion pictures.
_2local
_96174843
655 0 _aVideo recordings for the hearing impaired.
_96174844
655 0 _aMelodrama
_vFeature.
_95675363
655 7 _aRomance
_vFeature.
_2local
_95714821
655 7 _aMedical
_vFeature.
_2local
_96507600
655 0 _aLove stories.
_96174846
700 1 _aWatts, Naomi,
_d1968-
_968919
700 1 _aColleton, Sara.
_974253
700 1 _aFonlupt, Jean Francois.
_96174847
700 1 _aGill, Mark.
_974788
700 1 _aHan, Sanping.
_96174848
700 1 _aNorton, Edward.
_963404
700 1 _aNyswaner, Ron.
_923773
700 1 _aCurran, John.
_974254
700 1 _aSchreiber, Liev.
_961767
700 1 _aJones, Toby,
_d1967-
_973849
700 1 _aRigg, Diana.
_97503
700 1 _aHowland, Juliet.
_974255
700 1 _aWong, Anthony.
_964562
700 1 _aSteed, Maggie.
_974334
700 1 _aLaurence, Lorraine.
_96174849
700 1 _aLee, Johnny.
_956454
700 1 _aFeng, Li.
_922972
700 1 _aDesplat, Alexandre.
_976818
700 1 _aMaugham, W. Somerset
_q(William Somerset),
_d1874-1965.
_tPainted veil.
_96174850
710 2 _aBob Yari Productions.
_972129
710 2 _aClass 5 Films.
_96174851
710 2 _aColleton Company.
_96174852
710 2 _aMark Gordon Company.
_956470
710 2 _aWarner China Film HG Corporation.
_96174853
710 2 _aWarner Home Video (Firm)
_961103
942 _cDVD
_0135
994 _aC0
_bUINTA
998 _aa103972
999 _c48061
_d48061